000 00317nam a2200133Ia 4500
008 240624s9999 xx 000 0 und d
041 _aeng
082 _a658 JAY
100 _aJAYARAMAN P
245 _aMANAGEMENT ICONS
260 _c2007
_aNew Delhi
_bExcel Books
300 _a186 : p. : cm. ; 22
365 _cRS
_b35
999 _c13767
_d13767